[Event "Stavanger op"]
[Site "Stavanger"]
[Date "2018.10.11"]
[Round "2"]
[White "Lie, Espen"]
[Black "Fuglestein, Sander"]
[Result "1-0"]
[WhiteElo "2492"]
[BlackElo "1950"]
[PlyCount "85"]
[EventDate "2018.10.10"]
[EventType "swiss"]
[EventRounds "9"]
[EventCountry "NOR"]
[SourceTitle "CBM 186 Extra"]
[Source "ChessBase"]
[SourceDate "2018.08.24"]
[SourceVersion "1"]
[SourceVersionDate "2018.08.24"]
[SourceQuality "1"]

1. Nf3 Nf6 2. g3 d5 3. Bg2 e6 4. 0-0 Be7 5. b3 0-0 6. Bb2 c5 7. d3 Nc6 8. Nbd2 Qc7 9. e4 d4 10. h3 e5 11. Nh2 Ne8 12. a4 Be6 13. Nc4 Nd6 14. Ba3 b6 15. f4 f6 16. f5 Bf7 17. g4 a6 18. h4 b5 19. Nxd6 Bxd6 20. Bc1 c4 21. bxc4 bxc4 22. g5 Kh8 23. Rf2 Nb4 24. Ng4 Be7 25. Bf3 Rac8 26. gxf6 gxf6 27. Nh6 cxd3 28. cxd3 Qc3 29. Ba3 Bb3 30. Bxb4 Bxb4 31. Qf1 Bc2 32. Rc1 Qb3 33. Bd1 Bxd1 34. Rxd1 Qxa4 35. Ra1 Qc6 36. Rg2 a5 37. Qd1 Qd7 38. Kh2 Rc7 39. Qb3 Rcc8 40. Rag1 Qe8 41. Qe6 Qxe6 42. fxe6 a4 43. Rg8+ 1-0

[Event "Prague Summer op-A 5th"]
[Site "Prague"]
[Date "2018.08.03"]
[Round "1"]
[White "Fuglestein, Sander"]
[Black "Soural, Jan"]
[Result "1/2-1/2"]
[WhiteElo "1885"]
[BlackElo "2213"]
[PlyCount "85"]
[EventDate "2018.08.03"]
[EventType "swiss"]
[EventRounds "9"]
[EventCountry "CZE"]
[SourceTitle "CBM 185 Extra"]
[Source "ChessBase"]
[SourceDate "2018.07.29"]
[SourceVersion "1"]
[SourceVersionDate "2018.07.29"]
[SourceQuality "1"]

1. d4 Nf6 2. Nf3 g6 3. g3 Bg7 4. Bg2 0-0 5. 0-0 d6 6. c4 c6 7. Nc3 Qa5 8. e4 e5 9. d5 cxd5 10. cxd5 b5 11. Re1 b4 12. Nb1 Nbd7 13. Nbd2 Ba6 14. Nb3 Qa4 15. a3 Bc4 16. Nbd2 Qxd1 17. Rxd1 Bd3 18. axb4 Rfb8 19. Re1 Rxb4 20. b3 Nxe4 21. Ba3 Nxd2 22. Bxb4 Nxb3 23. Ra3 Ndc5 24. Nd2 Nxd2 25. Bxd2 e4 26. Bf1 f5 27. Be3 a5 28. Bxd3 Nxd3 29. Rb1 a4 30. Rb5 Be5 31. Kf1 Bf6 32. h4 Be5 33. Ke2 Bb2 34. Ra2 a3 35. Bd2 Ra4 36. Rb6 Be5 37. Rb3 Bb2 38. Rb6 Bd4 39. Rxd6 Bxf2 40. Rd8+ Kf7 41. Bg5 Ra7 42. Rxa3 Rxa3 43. Rd7+ 1/2-1/2

[Event "Bergen Grand Prix"]
[Site "Bergen"]
[Date "2017.11.18"]
[Round "3"]
[White "Holleland, Sigve"]
[Black "Fuglestein, Sander"]
[Result "1-0"]
[WhiteElo "2001"]
[BlackElo "1637"]
[PlyCount "89"]
[EventDate "2017.11.17"]
[EventType "swiss"]
[EventRounds "5"]
[EventCountry "NOR"]
[SourceTitle "EXT 2024"]
[Source "ChessBase"]
[SourceDate "2023.10.10"]
[SourceVersion "1"]
[SourceVersionDate "2023.10.10"]
[SourceQuality "1"]

1. d4 d5 2. c4 e6 3. Nc3 Nf6 4. Bg5 c6 5. e3 Be7 6. Nf3 0-0 7. Qc2 Nbd7 8. cxd5 exd5 9. Bd3 Re8 10. 0-0 h6 11. Bf4 Nf8 12. Rae1 Be6 13. Na4 Rc8 14. Nc5 Bxc5 15. dxc5 N6d7 16. b4 Bg4 17. Nd4 Ne5 18. Bf5 Bxf5 19. Nxf5 Nc4 20. Qc3 Ne6 21. e4 f6 22. Qg3 Kh7 23. h4 Qd7 24. Bc1 d4 25. Qb3 Ne5 26. Nd6 Rcd8 27. Nxe8 Qxe8 28. Rd1 g5 29. f4 gxf4 30. Bxf4 Nxf4 31. Rxf4 Qg6 32. Qh3 d3 33. h5 Qg5 34. Rf5 Qg4 35. Qxg4 Nxg4 36. Rf3 Ne5 37. Rxf6 Kg7 38. Rd6 Rxd6 39. cxd6 Kf6 40. Kf2 Ke6 41. Ke3 Kxd6 42. Rxd3+ Nxd3 43. Kxd3 Ke5 44. g4 Kf4 45. Kd4 1-0

[Event "Bergen Grand Prix"]
[Site "Bergen"]
[Date "2017.11.17"]
[Round "1"]
[White "Larsen, Tor Kristian"]
[Black "Fuglestein, Sander"]
[Result "1-0"]
[WhiteElo "1907"]
[BlackElo "1637"]
[PlyCount "77"]
[EventDate "2017.11.17"]
[EventType "swiss"]
[EventRounds "5"]
[EventCountry "NOR"]
[SourceTitle "EXT 2024"]
[Source "ChessBase"]
[SourceDate "2023.10.10"]
[SourceVersion "1"]
[SourceVersionDate "2023.10.10"]
[SourceQuality "1"]

1. Nf3 d5 2. d4 Nf6 3. c4 e6 4. Nc3 c6 5. Bg5 Be7 6. e3 0-0 7. Qc2 Nbd7 8. Rd1 h6 9. Bh4 Nh5 10. Bxe7 Qxe7 11. Be2 Nhf6 12. 0-0 b6 13. Qa4 Bb7 14. cxd5 cxd5 15. Ba6 Bxa6 16. Qxa6 Nb8 17. Qa4 Nbd7 18. Rc1 a6 19. Rc2 Qd6 20. Ne2 b5 21. Qa5 Nb6 22. b3 Rfc8 23. Rxc8+ Nxc8 24. Rc1 Nb6 25. Ne5 Rc8 26. Qxa6 Rxc1+ 27. Nxc1 Qc7 28. Ncd3 Qc2 29. g3 Ne4 30. Qxb6 Qd1+ 31. Kg2 Nd2 32. h4 Qf1+ 33. Kh2 Ne4 34. Qc7 f6 35. Qf7+ Kh7 36. Qg6+ Kg8 37. Ng4 Qxd3 38. Nxf6+ Kf8 39. Qe8# 1-0

[Event "Helsingor Xtracon op"]
[Site "Helsingor"]
[Date "2017.07.28"]
[Round "8"]
[White "Sebastian, Andreas"]
[Black "Fuglestein, Sander"]
[Result "1-0"]
[WhiteElo "1800"]
[BlackElo "1626"]
[PlyCount "44"]
[EventDate "2017.07.22"]
[EventType "swiss"]
[EventRounds "10"]
[EventCountry "DEN"]
[SourceTitle "CBM 179 Extra"]
[Source "ChessBase"]
[SourceDate "2017.08.23"]
[SourceVersion "1"]
[SourceVersionDate "2017.08.23"]
[SourceQuality "1"]

1. c4 e5 2. g3 Nf6 3. Bg2 c6 4. d4 e4 5. Nc3 d5 6. Bg5 Be7 7. cxd5 cxd5 8. Nh3 Be6 9. Qb3 Qc7 10. Nf4 Nbd7 11. 0-0 Nb6 12. Bxf6 Bxf6 13. Ncxd5 Nxd5 14. Nxd5 Bxd5 15. Qxd5 0-0 16. Qxe4 Rfd8 17. Qd3 Rac8 18. Qd2 Qd6 19. e3 b6 20. Rac1 g6 21. Rc2 Kg7 22. Rfc1 Qd7 1-0

[Event "Helsingor Xtracon op"]
[Site "Helsingor"]
[Date "2017.07.23"]
[Round "3"]
[White "Fuglestein, Sander"]
[Black "Nielsen, Carsten Juul"]
[Result "0-1"]
[WhiteElo "1626"]
[BlackElo "1886"]
[PlyCount "56"]
[EventDate "2017.07.22"]
[EventType "swiss"]
[EventRounds "10"]
[EventCountry "DEN"]
[SourceTitle "CBM 179 Extra"]
[Source "ChessBase"]
[SourceDate "2017.08.23"]
[SourceVersion "1"]
[SourceVersionDate "2017.08.23"]
[SourceQuality "1"]

1. e4 e5 2. Nf3 Nc6 3. Bb5 Nge7 4. 0-0 a6 5. Ba4 d6 6. c3 Bd7 7. d4 Ng6 8. Qe2 Be7 9. Rd1 0-0 10. Bxc6 bxc6 11. dxe5 dxe5 12. Nbd2 Bd6 13. Nc4 Qe7 14. Nxd6 cxd6 15. Qd2 Bg4 16. Qxd6 Rad8 17. Bg5 Rxd6 18. Bxe7 Rxd1+ 19. Rxd1 Nxe7 20. Rd6 Bxf3 21. gxf3 Ra8 22. Kf1 Kf8 23. Ke2 Ke8 24. Rd3 Rd8 25. Re3 Ng6 26. b4 Nf4+ 27. Kf1 Rd1+ 28. Re1 Rd2 0-1

[Event "NOR-ch U12"]
[Site "Stavanger"]
[Date "2017.07.07"]
[Round "8"]
[White "Fuglestein, Sander"]
[Black "Munk, Julian"]
[Result "1/2-1/2"]
[WhiteElo "1408"]
[BlackElo "1653"]
[PlyCount "67"]
[EventDate "2017.07.01"]
[EventType "swiss"]
[EventRounds "9"]
[EventCountry "NOR"]
[SourceTitle "EXT 2024"]
[Source "ChessBase"]
[SourceDate "2023.10.10"]
[SourceVersion "1"]
[SourceVersionDate "2023.10.10"]
[SourceQuality "1"]

1. e4 e6 2. d4 d5 3. Nc3 Nf6 4. e5 Nfd7 5. f4 c5 6. Nf3 Nc6 7. Be3 a6 8. Be2 b5 9. Qd2 Be7 10. 0-0 g6 11. Rae1 c4 12. Kh1 h5 13. Rg1 Nb6 14. g4 hxg4 15. Rxg4 Bd7 16. Reg1 Qc7 17. Ng5 Bxg5 18. fxg5 0-0-0 19. Rf4 Rh7 20. Rgf1 Rdh8 21. Bg1 Be8 22. b3 Qe7 23. R4f3 Rh4 24. a4 b4 25. Nd1 a5 26. Rg3 c3 27. Qd3 Nb8 28. Rg2 Bc6 29. Be3 N6d7 30. Kg1 R8h7 31. Bc1 Qd8 32. Nf2 Bb7 33. Ng4 Ba6 34. Qd1 1/2-1/2

[Event "Hordaland-ch NGP"]
[Site "Bergen"]
[Date "2017.05.27"]
[Round "4"]
[White "Kvaloy, Aksel Bu"]
[Black "Fuglestein, Sander"]
[Result "1/2-1/2"]
[WhiteElo "1587"]
[BlackElo "1297"]
[PlyCount "155"]
[EventDate "2017.05.25"]
[EventType "swiss"]
[EventRounds "6"]
[EventCountry "NOR"]
[SourceTitle "EXT 2024"]
[Source "ChessBase"]
[SourceDate "2023.10.10"]
[SourceVersion "1"]
[SourceVersionDate "2023.10.10"]
[SourceQuality "1"]

1. e4 e5 2. Nf3 Nc6 3. d4 exd4 4. Bc4 Nf6 5. Ng5 d5 6. exd5 Nxd5 7. Nxf7 Qe7+ 8. Qe2 Qxe2+ 9. Kxe2 Kxf7 10. Bxd5+ Be6 11. Bxe6+ Kxe6 12. Re1 Bd6 13. Bg5 Rhe8 14. Kf1+ Kf5 15. Bd2 Ne5 16. Na3 c5 17. Nb5 Nc4 18. Nxd6+ Nxd6 19. Rad1 Rxe1+ 20. Rxe1 Re8 21. Rxe8 Nxe8 22. Ke2 Nd6 23. c3 Ke4 24. f3+ Kd5 25. cxd4 cxd4 26. b3 Nf5 27. g3 a6 28. Kd3 b5 29. a3 g6 30. Be1 Ne7 31. f4 Nc6 32. Bb4 a5 33. Bf8 Nd8 34. b4 axb4 35. axb4 Nc6 36. Bc5 h6 37. g4 g5 38. f5 Ne5+ 39. Ke2 Nxg4 40. h3 Ne5 41. f6 Ke4 42. Bd6 d3+ 43. Kd1 Nf7 44. Bg3 h5 45. Kd2 g4 46. hxg4 hxg4 47. Bh2 Kd4 48. Bg1+ Kc4 49. Bf2 Ng5 50. Ke3 Kc3 51. Be1+ Kc2 52. Kf4 g3 53. Kxg5 g2 54. Bf2 d2 55. f7 d1Q 56. f8Q g1Q+ 57. Bxg1 Qxg1+ 58. Kh5 Qd1+ 59. Kh6 Qd2+ 60. Kh7 Qh2+ 61. Kg7 Qg3+ 62. Kh8 Qe5+ 63. Kg8 Qg5+ 64. Kh8 Qh4+ 65. Kg8 Kb3 66. Qd6 Qxb4 67. Qd1+ Ka2 68. Qc2+ Qb2 69. Qc6 Qb3+ 70. Kf8 b4 71. Qg2+ Ka3 72. Qe2 Qa4 73. Qe5 b3 74. Qa1+ Kb4 75. Qd4+ Ka5 76. Qa7+ Kb5 77. Qb7+ Kc5 78. Qe7+ 1/2-1/2

[Event "Hordaland-ch NGP"]
[Site "Bergen"]
[Date "2017.05.26"]
[Round "2"]
[White "Kristiansen, Snorre"]
[Black "Fuglestein, Sander"]
[Result "0-1"]
[WhiteElo "1480"]
[BlackElo "1297"]
[PlyCount "72"]
[EventDate "2017.05.25"]
[EventType "swiss"]
[EventRounds "6"]
[EventCountry "NOR"]
[SourceTitle "EXT 2024"]
[Source "ChessBase"]
[SourceDate "2023.10.10"]
[SourceVersion "1"]
[SourceVersionDate "2023.10.10"]
[SourceQuality "1"]

1. e4 e5 2. Nf3 Nc6 3. Nc3 Nf6 4. d4 exd4 5. Nxd4 Bb4 6. Nxc6 bxc6 7. Bd3 0-0 8. 0-0 Re8 9. Bg5 h6 10. Bh4 g5 11. Bg3 Bxc3 12. bxc3 Nxe4 13. Qh5 Kg7 14. f4 Nf6 15. Qf3 g4 16. Qf2 Ne4 17. Bxe4 Rxe4 18. Bh4 Qe8 19. f5 Ba6 20. f6+ Kg8 21. Rfe1 Be2 22. h3 Qe6 23. Rab1 Kh7 24. Rb4 Re8 25. Kh2 gxh3 26. gxh3 Re3 27. Bg3 Rxc3 28. Rh4 h5 29. Rxh5+ Bxh5 30. Rxe6 Rxe6 31. Qf5+ Bg6 32. Qg5 Rxc2+ 33. Kg1 Re4 34. h4 Rd4 35. Kf1 Rd1+ 36. Be1 Bd3+ 0-1